| 000 | 00474nam a2200181 a 4500 | ||
|---|---|---|---|
| 001 | 28442 | ||
| 005 | 20180713231325.0 | ||
| 008 | 140415s1980 mx 000 0 spa d | ||
| 020 | _a9684220464 | ||
| 041 | _aspa | ||
| 082 |
_a338.5 _bLER |
||
| 245 | 0 | 0 | _aMICROECONOMIA |
| 250 | _a3RA. | ||
| 260 |
_aMEXICO : _bMC GRAW HILL, _c1980 |
||
| 300 |
_a703 _c19 x 4 x 24 |
||
| 500 | _aEL LIBRO INCLUYE PREFACIO. | ||
| 700 | 1 |
_aCARLOS FELIPE ARAGON CONGOTE. _etr. |
|
| 999 |
_c28442 _d28442 |
||